| 000 | 00878cam a2200229 4500 | ||
|---|---|---|---|
| 001 | ABS62765 | ||
| 008 | 000000n2000 000 0 eng u | ||
| 035 | _a(Sirsi) u107896 | ||
| 100 | _aRodrigues, M. | ||
| 245 | _aBeware of benefits by implication | ||
| 260 | _c2000 | ||
| 490 |
_aEstates Gazette _v(0031) 5 August 2000, 79-80(2) |
||
| 520 | _aExplains why many practitioners have been adopting exclusion wording in commercial contracts since the enactment of the Contracts (Rights of Third Parties) Act 1999. The author suggests that this practice could have been avoided had the Act restricted the conferment rights by implication. | ||
| 590 | _aABS | ||
| 650 | _aCONTRACTS (RIGHTS OF THIRD PARTIES) ACT 1999 | ||
| 650 |
_aContracts _96232 |
||
| 650 | _aTHIRD PARTIES | ||
| 650 | _aEXCLUSION CLAUSES | ||
| 650 | _aIMPLIED RIGHTS | ||
| 690 | _aLAW | ||
| 942 | _n0 | ||
| 999 |
_c64448 _d64448 |
||